Delphi 3SuperBible
The book presents software Delphi 3 SuperBible. It discuses about Delphi3's classes, properties, methods, events, statements, procedures, and functions. The CD-ROM in the back of this book contains all the source code and extended examples, as well as a trial version of WebHub, the powerful Del...
Đã lưu trong:
| Hovedforfatter: | |
|---|---|
| Format: | Bog |
| Sprog: | Undetermined |
| Udgivet: |
Corte Madera, California
Waite Group Press
1997
|
| Fag: | |
| Tags: |
Tilføj Tag
Ingen Tags, Vær først til at tagge denne postø!
|
| Thư viện lưu trữ: | Trung tâm Học liệu Trường Đại học Cần Thơ |
|---|
| LEADER | 00908nam a2200205Ia 4500 | ||
|---|---|---|---|
| 001 | CTU_32311 | ||
| 008 | 210402s9999 xx 000 0 und d | ||
| 020 | |b 677.000đ | ||
| 082 | |a 005.265 | ||
| 082 | |b D363 | ||
| 100 | |a Paul B Thurrott...[et al.] | ||
| 245 | 0 | |a Delphi 3SuperBible | |
| 245 | 0 | |c Paul B Thurrott...[et al.] | |
| 260 | |a Corte Madera, California | ||
| 260 | |b Waite Group Press | ||
| 260 | |c 1997 | ||
| 520 | |a The book presents software Delphi 3 SuperBible. It discuses about Delphi3's classes, properties, methods, events, statements, procedures, and functions. The CD-ROM in the back of this book contains all the source code and extended examples, as well as a trial version of WebHub, the powerful Delphi Web-server utility | ||
| 650 | |a computer software - development,delphi ( computer file ) | ||
| 904 | |i Minh, 990730 | ||
| 980 | |a Trung tâm Học liệu Trường Đại học Cần Thơ | ||